Chefs lieux sans S - Statistiques

Statistiques générales
  • Ce quiz a été pris 17 fois
  • Le résultat moyen est 49 sur 56
Statistiques - réponses
Réponse % Correct
Agen
100%
Belfort
100%
Bordeaux
100%
Clermont-Ferrand
100%
Colmar
100%
Dijon
100%
Grenoble
100%
Lille
100%
Metz
100%
Montpellier
100%
Pau
100%
Perpignan
100%
Rouen
100%
Albi
92%
Annecy
92%
Caen
92%
Évreux
92%
Gap
92%
La Rochelle
92%
Laval
92%
Lyon
92%
Nancy
92%
Nanterre
92%
Niort
92%
Quimper
92%
Tulle
92%
Ajaccio
85%
Angoulême
85%
Auch
85%
Aurillac
85%
Chambéry
85%
Châteauroux
85%
Épinal
85%
Foix
85%
Fort-de-France
85%
Le Puy-en-Velay
85%
Mâcon
85%
Mamoudzou
85%
Melun
85%
Montauban
85%
Nice
85%
Rodez
85%
Toulon
85%
Valence
85%
Auxerre
77%
Avignon
77%
Bar-le-Duc
77%
Bobigny
77%
Cayenne
77%
Créteil
77%
Guéret
77%
Mende
77%
Périgueux
77%
Alençon
69%
Laon
69%
Chaumont
62%
Aucun quiz correspondant
Distribution des résultats
% des personnes avec chaque résultat
Percentile par nombre de réponses
Votre historique - résultats
Vous n’avez pas pris ce quiz